Llibre Groc de la ciutat de Girona : (1386, 1596 - 1702) / Edició a cura de Anna Gironella Delgà (1386, 1596 - 1702) / Edició a cura de Anna Gironella Delgà
ISBN:
978-84-9779-508-1
Descripción Física:
429 p. ; 24 cm
Colección:
Llibres de Privilegis ; 11
MARC
| LEADER | 00000nam a2200000Ia 4500 | ||
|---|---|---|---|
| 001 | 19172 | ||
| 008 | 160829s2007 xx 000 0 cat d | ||
| 020 | |a 978-84-9779-508-1 | ||
| 080 | |a H-3-13 | ||
| 245 | |a Llibre Groc de la ciutat de Girona : |b (1386, 1596 - 1702) / Edició a cura de Anna Gironella Delgà | ||
| 260 | |a Girona : |b Fundació Noguera ; Lleida : |b Pagès, |c 2007 | ||
| 300 | |a 429 p. ; |c 24 cm | ||
| 490 | |a Llibres de Privilegis ; 11 | ||
| 590 | |a A la portada: Ajuntament de Girona, Caixa de Girona | ||
| 650 | |a Privilegis i immunitats |x Girona |9 45251 | ||
| 650 | |a Girona |x Història |x Fonts |9 38188 | ||
| 700 | |a Gironella Delgà, Anna, ed. |9 45252 | ||
| 700 | |a Fundació Noguera |9 70407 | ||
| 901 | |a Arxiu | ||
| 942 | |n 1 | ||
| 952 | |0 0 |1 0 |4 0 |6 H313 |7 1 |9 52479 |a Arxiu |b Arxiu |d 2016-12-01 |l 0 |o H-3-13 |p 19172 |r 2016-12-01 00:00:00 |w 2016-12-01 |y ARXIU | ||
| 999 | |c 56327 |d 56327 | ||